| 000 | 02218nam0a2200397 4500 | ||
|---|---|---|---|
| 001 | RU\NLR\BIBL_A\022221308 | ||
| 005 | 20240603164654.0 | ||
| 010 |
_a978-5-04-186070-7 _92000 |
||
| 021 |
_aRU _bКН-П-24-019128 _9КН-П-24-2001 |
||
| 035 | _a(NLR Aleph) 022221308 | ||
| 090 |
_a13102914 _c13102914 |
||
| 100 | _a20240515d2024 u y0rusy50 ca | ||
| 101 | 1 |
_arus _ceng |
|
| 102 | _aRU | ||
| 105 | _aa|||j|||000yy | ||
| 181 | 0 |
_ai _baxxe |
|
| 182 | 0 | _an | |
| 200 | 1 |
_aОт расставания к новой жизни _eворкбук _e12 шагов для исцеления разбитого сердца _e[внутри: упражнения, тесты, аффирмации] _fСьюзен Андерсен, клинический психолог _gперевод с аглийского С. Богданова |
|
| 203 |
_aТекст _bвизуальный _cнепосредственный |
||
| 210 |
_aМосква _cБомбора _cЭксмо _d2024 |
||
| 215 |
_a508, [1] с. _cил., табл. _d26 |
||
| 311 | _aДанная рабочая тетр. дополняет кн. "От расставания к новой жизни" | ||
| 320 | _aБиблиогр.: с. 501-508 | ||
| 320 | _aДругие тр. авт. в конце кн. | ||
| 333 | _a16+ | ||
| 488 | 0 |
_12001#$aОт расставания к новой жизни$eпять шагов, которые помогут исцелить раненое сердце$fСьюзен Андерсен$g[перевод с английского В. А. Щербаковой] _1700#1$aАндерсен$bС.$cпсихолог$gСьюзен$3RU\NLR\AUTH\770268682 |
|
| 606 | 1 |
_aПсихология отношений _jПопулярные издания _2nlr_sh1 _2nlr_sh2 _3RU\NLR\AUTH\661260823 |
|
| 606 | 1 |
_aПсихогигиена _jПопулярные издания _2nlr_sh1 _2nlr_sh2 _3RU\NLR\AUTH\6623393 |
|
| 686 | 1 | _aЮ937.235я9 | |
| 686 | 1 | _aЮ948.1-8я9 | |
| 700 | 1 |
_aАндерсен _bС. _cпсихолог _gСьюзен _3RU\NLR\AUTH\770268682 |
|
| 942 | _cBOOK | ||
| 980 | _aNB | ||